Normal view
MARC view
Entry Términos de género/forma
001 - NÚMERO DE CONTROL
- campo de control: 30111
003 - IDENTIFICADOR DEL NÚMERO DE CONTROL
- campo de control: FranzMayer
005 - FECHA Y HORA DE LA ÚLTIMA TRANSACCIÓN
- campo de control: 20260226121304.0
008 - DATOS DE LONGITUD FIJA
- campo de control de longitud fija: 260226|| aca||aabn | a|a d
040 ## - FUENTE DE LA CATALOGACIÓN
- Centro catalogador/agencia de origen: FranzMayer
- Centro/agencia transcriptor: FranzMayer
155 ## - ENCABEZAMIENTO--TÉRMINO DE GÉNERO/FORMA
- Término de género/forma: Manuscripts, Spanish
- Subdivisión geográfica: Spain
- Subdivisión geográfica: Aragon
670 ## - FUENTE DE DATOS ENCONTRADOS
- Cita de la fuente: Work cat.: (FranzMayer)11101: Privilegium Infantioniae emitido a favor de Martín de Tornamira, 1617